Bytový dom
Na minha lista:
| Autor principal: | |
|---|---|
| Outros Autores: | |
| Formato: | Manuscrito Livro |
| Idioma: | eslovaco |
| Publicado em: |
2016
|
| Assuntos: | |
| Acesso em linha: | http://is.stuba.sk/zp/portal_zp.pl?podrobnosti=129249 https://opac.crzp.sk/?fn=detailBiblioForm&sid=B0ECE52FE577B8B951CF63E96922 |
| Tags: |
Sem tags, seja o primeiro a adicionar uma tag!
|
MARC
| LEADER | 00000ntm a22000003a 4500 | ||
|---|---|---|---|
| 001 | stuzp56717 | ||
| 003 | SK-STU | ||
| 005 | 20230519140140.2 | ||
| 007 | ta | ||
| 008 | 150427s2015----xo-----f-mn---000-0-slo-d | ||
| 040 | |a STU |b slo | ||
| 041 | 0 | |a slo | |
| 100 | 1 | |a Mišenčík, Lukáš |u 010180 |4 aut |U SvF Stavebná fakulta |T SvF Katedra konštrukcií pozemných stavieb |X 7556 |U V180 |Y 18 |7 7556 | |
| 242 | 0 | 1 | |a Apartment building |y eng |
| 245 | 1 | 0 | |a Bytový dom |
| 260 | |c 2016 | ||
| 650 | 4 | |a projektová dokumentácia |2 slo | |
| 650 | 4 | |a bytový dom |2 slo | |
| 650 | 4 | |a nosný stenový systém |2 slo | |
| 650 | 4 | |a apartment building |2 eng | |
| 650 | 4 | |a project documentation |2 eng | |
| 650 | 4 | |a bearing wall system |2 eng | |
| 700 | 1 | |a Hanuliak, Peter |u 010180 |k Z1 |4 ths |U SvF Stavebná fakulta |T SvF Katedra konštrukcií pozemných stavieb |X 11280 |U V180 |Y 18 |7 A000011280 | |
| 856 | 4 | |u http://is.stuba.sk/zp/portal_zp.pl?podrobnosti=129249 | |
| 856 | 4 | |u https://opac.crzp.sk/?fn=detailBiblioForm&sid=B0ECE52FE577B8B951CF63E96922 | |
| SQL | |a stuzp56717 |b DBP |c SLO |d Bytový dom |e 7556 |f Mišenčík, Lukáš |g 010180 |h 11280 |i Hanuliak, Peter |j 20160622 |k 4 |l 01 |m http://is.stuba.sk/zp/portal_zp.pl?podrobnosti=129249 |n B-PSA |o 5.1.4. pozemné stavby, 5.1.1. architektúra a urbanizmus | ||